000 00354nam a2200121Ia 4500
005 20260328104303.0
008 260328s9999||||xx |||||||||||||| ||und||
100 _aAbellán, José Luis
245 0 _aHistoria Critica del Pensamiento Español, Tomo II La Edad de Oro /
_cJosé Luis Abellán
260 _bEspasa-Calpe
650 _aFILOSOFIA
942 _cBK
999 _c10660
_d10660